LIBRARY & INFORMATION CENTRE, KCAET, TAVANUR

ONLINE PUBLIC ACCESS CATALOGUE (OPAC)

Pattern of Asia / (Record no. 6355)

MARC details
000 -LEADER
fixed length control field 00340cam a2200133ua 4500
041 ## - LANGUAGE CODE
Language code of text/sound track or separate title eng
082 ## - DEWEY DECIMAL CLASSIFICATION NUMBER
Classification number 950
Item number GIN/PA
100 ## - MAIN ENTRY--AUTHOR NAME
Personal name Ginsbury, Norton .
245 00 - TITLE STATEMENT
Title Pattern of Asia /
260 ## - PUBLICATION, DISTRIBUTION, ETC. (IMPRINT)
Place of publication New Jersey :
Name of publisher Prentice Hall Inc ,
Year of publication 1960.
300 ## - PHYSICAL DESCRIPTION
Number of Pages 929 ; .
942 ## - ADDED ENTRY ELEMENTS (KOHA)
Koha item type Books
Holdings
Withdrawn status Lost status Damaged status Home library Current library Date acquired Full call number Accession Number Koha item type
Withdrawn     KAUAET Sanskrit University 07/04/2012 950 580 Books
free website counter